| 000 | 00576nam a2200193Ia 4500 | ||
|---|---|---|---|
| 003 | SGT | ||
| 020 | _a9780070151420 | ||
| 082 |
_a621.38173 _bMIL |
||
| 100 | _aMillman,Jacob | ||
| 245 | _aMillman's Integrated electronics | ||
| 250 | _a2nd . . Ed. | ||
| 260 |
_bTata McGraw Hill Education Private Limited _aNew Delhi _c2010 |
||
| 300 | _a858p. | ||
| 650 | _aELECTRONICS ENGINEERING | ||
| 653 | _aENERGY BANDS IN SOLIDS, TRANSPORT PHENOMENA IN SEMICONDUCTORS, JUNCTION- DIODE CHARACTERISTICS | ||
| 700 | _aHalkias,Christos | ||
| 700 | _aParikh,Chetan D | ||
| 942 |
_2ddc _cBK |
||
| 999 |
_c5206 _d5206 |
||